| 000 | 00739nam a2200217 a 4500 | ||
|---|---|---|---|
| 005 | 20251129063931.0 | ||
| 008 | 991125s1977 es 000 0 spa u | ||
| 020 | _a8422703139 | ||
| 035 | _aUPN01000023480 | ||
| 049 | _aF | ||
| 050 | 4 |
_aLB3056 E5 _bV4.3 |
|
| 100 | 1 | _aVelasco Ortiz, María Encarnación | |
| 245 | 1 | 0 |
_aEvaluación y elaboración de textos escolares / _cMaría Encarnación Velasco Ortiz, Gloria Pérez Serrano. |
| 260 |
_aMadrid : _bNarcea, _c1977. |
||
| 300 | _a50 p. | ||
| 440 | 0 |
_aApuntes del Instituto de Estudios Pedagógicos Somosaguas ; _v10 |
|
| 650 | 4 |
_aLibros de texto _vEvaluación _94424 |
|
| 650 | 4 |
_aLibros de texto _zEspaña _919114 |
|
| 700 | 1 |
_aPérez Serrano, Gloria, _ecoaut. _929577 |
|
| 905 | _aLibro | ||
| 999 |
_c23480 _d23480 |
||